| 000 | 006070000a22002170004500 | ||
|---|---|---|---|
| 020 | _a84-7151-223-8 | ||
| 041 | 0 | _aSPA | |
| 082 | 0 | 4 | _aG 232.91 P461r |
| 100 | 1 | _aPerrot, Charles | |
| 245 | 1 | 0 | _aLos relatos de la infancia de Jesús / Charles Perrot ; Jesús Asurmendi, Traductor |
| 250 | _a4 | ||
| 260 | _aEstella, Navarra, España : Verbo Divino | ||
| 300 | _a72 Pag | ||
| 440 | 0 | _aColección Cuadernos Bíblicos; No. 18 | |
| 650 | 1 | 4 | _aJESUCRISTO |
| 001 | 4092 | ||
| 942 | _cBK | ||
| 999 |
_c34707 _d34707 |
||
| 336 |
_atexto _btxt _2rdacontent |
||
| 337 |
_2rdamedia _asin mediación _bn |
||
| 338 |
_2rdacarrier _avolumen _bnc |
||